| 000 | 01260cab a2200265 4500 | ||
|---|---|---|---|
| 001 | X90107 | ||
| 008 | 090401t1998 xxu||||| |||| 00| 0 eng d | ||
| 035 | _a(Sirsi) u84557 | ||
| 041 | _aeng | ||
| 245 | _aScarborough BC and the Noble Organisation Ltd | ||
| 260 | _c1998 | ||
| 350 | _a0 | ||
| 490 |
_aPlanning Appeal Decisions _v[1998] 13 PAD 97-108(12) |
||
| 520 | _aChange of use - amusement centre - ancillary retail sales - deletion of earlier planning condition - building in former hospital - effect of change on character of the area - effect on listed building - conservation area - PPGs1 (revised), 6,15,21 - percentage of amusement centre use in built frontage - effect on conservation area - conditions. Costs - whether councils approach misconceived - development plan - many procedural irregularities - whether rule 6 statement inadequate - whether appellants incurred expense unnecessarily. HEADNOTE FROM JOURNAL. | ||
| 650 | _aAMUSEMENT CENTRE | ||
| 650 | _aCHANGE OF USE | ||
| 650 | _aPPG1 | ||
| 650 | _aPPG15 | ||
| 650 | _aPPG21 | ||
| 650 | _aPLANNING POLICY GUIDANCE NOTE SIX | ||
| 650 | _aSCARBOROUGH BC AND THE NOBLE ORGANISATION LTD | ||
| 690 | _aPLANNING LAW AND PRACTICE-CASE LAW | ||
| 942 | _n0 | ||
| 948 | _c27/02/1998 | ||
| 999 |
_c53145 _d53145 |
||